[Event "Reykjavik op"]
[Site "Reykjavik"]
[Date "2024.03.16"]
[Round "3"]
[White "Sushanth, Kamabathula"]
[Black "Cramling Bellon, Anna"]
[Result "1-0"]
[WhiteElo "1918"]
[BlackElo "2115"]
[PlyCount "75"]
[EventDate "2024.03.15"]
[EventType "swiss"]
[EventRounds "9"]
[EventCountry "ISL"]
[SourceTitle "CB13_2024"]
[SourceDate "2024.03.27"]
[SourceVersion "1"]
[SourceVersionDate "2024.03.27"]
[SourceQuality "1"]

1. e4 c5 2. Nf3 Nc6 3. d4 cxd4 4. Nxd4 e5 5. Nb5 a6 6. Nd6+ Bxd6 7. Qxd6 Qe7 8. Qd1 Nf6 9. Nc3 d6 10. Bg5 Be6 11. Nd5 Bxd5 12. exd5 Nb8 13. Be2 Nbd7 14. 0-0 0-0 15. c4 Rac8 16. Rc1 h6 17. Be3 e4 18. b4 a5 19. a3 axb4 20. axb4 Ne5 21. Qd4 Qd7 22. h3 Qf5 23. Rfd1 Qg6 24. Kh1 Rfd8 25. Bf4 Qf5 26. Bxe5 dxe5 27. Qe3 b5 28. c5 Nxd5 29. Rxd5 Rxd5 30. Bg4 Qg6 31. Bxc8 Rd3 32. Qe2 f5 33. c6 f4 34. Qg4 Qd6 35. Qe6+ Kf8 36. Qxd6+ Rxd6 37. c7 e3 38. Bg4 1-0

[Event "Hyderabad Slan op 1st"]
[Site "Hyderabad"]
[Date "2023.07.24"]
[Round "7"]
[White "Kumar, Gaurav"]
[Black "Sushanth, Kamabathula"]
[Result "1-0"]
[WhiteElo "1991"]
[BlackElo "1745"]
[PlyCount "67"]
[EventDate "2023.07.21"]
[EventType "swiss"]
[EventRounds "9"]
[EventCountry "IND"]
[SourceTitle "CBM 215 Extra"]
[Source "ChessBase"]
[SourceDate "2023.09.30"]
[SourceVersion "1"]
[SourceVersionDate "2023.09.30"]
[SourceQuality "1"]

1. Nf3 d5 2. g3 Nd7 3. Bg2 e5 4. d3 Ngf6 5. 0-0 Bc5 6. e3 c6 7. b3 0-0 8. Bb2 e4 9. dxe4 Nxe4 10. Nbd2 Ndf6 11. c4 Nxd2 12. Nxd2 d4 13. exd4 Bxd4 14. Bxd4 Qxd4 15. Ne4 Qe5 16. Qd6 Qxd6 17. Nxd6 Rb8 18. Rfe1 Be6 19. Rad1 Rfd8 20. Nxb7 Rxd1 21. Rxd1 Bg4 22. Rd6 Re8 23. Bxc6 Re1+ 24. Kg2 h5 25. Rd8+ Kh7 26. Bf3 Bxf3+ 27. Kxf3 g5 28. Nd6 Kg6 29. c5 g4+ 30. Kg2 Re2 31. c6 Nd5 32. Nc4 Nc7 33. Rd7 Ne6 34. c7 1-0

[Event "Hyderabad Slan op 1st"]
[Site "Hyderabad"]
[Date "2023.07.23"]
[Round "6"]
[White "Sushanth, Kamabathula"]
[Black "Tiwari, Arjun"]
[Result "1/2-1/2"]
[WhiteElo "1745"]
[BlackElo "2047"]
[PlyCount "67"]
[EventDate "2023.07.21"]
[EventType "swiss"]
[EventRounds "9"]
[EventCountry "IND"]
[SourceTitle "CBM 215 Extra"]
[Source "ChessBase"]
[SourceDate "2023.09.30"]
[SourceVersion "1"]
[SourceVersionDate "2023.09.30"]
[SourceQuality "1"]

1. e4 c5 2. Nf3 a6 3. d4 cxd4 4. Nxd4 Nf6 5. Nc3 e5 6. Nf3 Nc6 7. Bc4 Bb4 8. 0-0 0-0 9. Nd5 Nxe4 10. Nxb4 Nxb4 11. Nxe5 d5 12. Bb3 Be6 13. Be3 Nc6 14. Nf3 Re8 15. Nd4 Nxd4 16. Bxd4 Nd6 17. c3 Nf5 18. Re1 Qg5 19. Be3 Qg6 20. Qf3 Red8 21. Qf4 Nd6 22. Bd4 Nc4 23. Bxc4 dxc4 24. Re3 Qf5 25. Qg3 f6 26. Rae1 Re8 27. h3 Bf7 28. Rxe8+ Rxe8 29. Rxe8+ Bxe8 30. Qc7 Bc6 31. Qd8+ Kf7 32. Qc7+ Kg6 33. Qg3+ Qg5 34. Qxg5+ 1/2-1/2

[Event "Bhubaneswar op-A 14th"]
[Site "Bhubaneswar"]
[Date "2023.06.11"]
[Round "1"]
[White "Sushanth, Kamabathula"]
[Black "Aleksandrov, Aleksej"]
[Result "0-1"]
[WhiteElo "1743"]
[BlackElo "2461"]
[PlyCount "81"]
[EventDate "2023.06.11"]
[EventType "swiss"]
[EventRounds "10"]
[EventCountry "IND"]
[SourceTitle "CBM 214 Extra"]
[Source "ChessBase"]
[SourceDate "2023.07.31"]
[SourceVersion "1"]
[SourceVersionDate "2023.07.31"]
[SourceQuality "1"]

1. e4 e5 2. Nf3 Nc6 3. Bc4 Bc5 4. c3 Nf6 5. d4 exd4 6. e5 d5 7. Bb5 Ne4 8. cxd4 Bb6 9. Nc3 0-0 10. Be3 Kh8 11. 0-0 Bg4 12. Be2 Nxc3 13. bxc3 f6 14. exf6 Qxf6 15. Nd2 Bf5 16. Qb3 Qd6 17. Nf3 h6 18. Rfe1 g5 19. Rad1 Rad8 20. Qb2 Qf6 21. Nd2 Bg6 22. Nf1 Na5 23. Ng3 c6 24. Qb4 Bc7 25. c4 Kh7 26. cxd5 Rxd5 27. Bf3 Rb5 28. Qc3 Qg7 29. Be4 Rf7 30. Bc1 Bd6 31. Re2 Bb4 32. Qc2 Bxe4 33. Nxe4 Qg6 34. a3 Bf8 35. Bb2 Rd5 36. Qc3 b6 37. Rc1 Bg7 38. Qe3 b5 39. Nd2 c5 40. Qg3 cxd4 41. Ree1 0-1

[Event "Hyderabad Singh Ji Memorial"]
[Site "Hyderabad"]
[Date "2023.01.14"]
[Round "9"]
[White "Daakshin, Arun"]
[Black "Sushanth, Kamabathula"]
[Result "1/2-1/2"]
[WhiteElo "2038"]
[BlackElo "1648"]
[PlyCount "96"]
[EventDate "2023.01.10"]
[EventType "swiss"]
[EventRounds "9"]
[EventCountry "IND"]
[SourceTitle "CBM 212 Extra"]
[Source "ChessBase"]
[SourceDate "2023.03.31"]
[SourceVersion "1"]
[SourceVersionDate "2023.03.31"]
[SourceQuality "1"]

1. d4 d5 2. c4 c6 3. Nf3 Nf6 4. Nbd2 e6 5. e3 Nbd7 6. Bd3 Be7 7. 0-0 0-0 8. b3 b6 9. e4 dxe4 10. Nxe4 Bb7 11. Ng3 c5 12. Bb2 cxd4 13. Nxd4 Bc5 14. Nf3 Qc7 15. Re1 Rad8 16. Qe2 h6 17. Rad1 Rfe8 18. Ne4 Be7 19. Nxf6+ Bxf6 20. Bxf6 Nxf6 21. Ne5 Rd6 22. Rd2 Red8 23. Red1 Qc5 24. h3 Be4 25. Bxe4 Rxd2 26. Rxd2 Rxd2 27. Qxd2 Nxe4 28. Qd8+ Kh7 29. Nd3 Qf5 30. Qd4 Ng5 31. Qe3 Kg8 32. f3 Nh7 33. b4 Nf6 34. Kf2 h5 35. a4 e5 36. Nxe5 Qc2+ 37. Qe2 Qxa4 38. Qd2 Qa1 39. Qd6 Qb2+ 40. Kg3 h4+ 41. Kh2 Qc1 42. Qd8+ Kh7 43. Qd4 Qg5 44. Nd3 Kg8 45. Qd8+ Kh7 46. Qd4 Kg8 47. c5 bxc5 48. bxc5 Nd5 1/2-1/2

[Event "IND-ch U15 47th"]
[Site "New Delhi"]
[Date "2022.12.02"]
[Round "7"]
[White "Velavaa, Ragavesh"]
[Black "Sushanth, Kamabathula"]
[Result "1/2-1/2"]
[WhiteElo "1817"]
[BlackElo "1558"]
[PlyCount "69"]
[EventDate "2022.11.28"]
[EventType "swiss"]
[EventRounds "11"]
[EventCountry "IND"]
[SourceTitle "CBM 211 Extra"]
[Source "ChessBase"]
[SourceDate "2023.01.31"]
[SourceVersion "1"]
[SourceVersionDate "2023.01.31"]
[SourceQuality "1"]

1. e4 c5 2. Nf3 Nc6 3. Bb5 g6 4. 0-0 Bg7 5. Re1 Nf6 6. c3 0-0 7. d4 cxd4 8. cxd4 d5 9. e5 Ne4 10. Nc3 Bf5 11. Bd3 Nxc3 12. bxc3 Bxd3 13. Qxd3 e6 14. Bf4 Na5 15. h4 Qc7 16. Bg3 Rac8 17. Rac1 Nc4 18. Ng5 Qe7 19. Bf4 Rc6 20. Qh3 h6 21. Nf3 f5 22. exf6 Qxf6 23. Be5 Qf5 24. Qg3 Kh7 25. Re2 Bxe5 26. Nxe5 Nxe5 27. Rxe5 Qf4 28. Qxf4 Rxf4 29. Rce1 Rf6 30. R1e3 Kg7 31. g3 Kf7 32. Kf1 h5 33. f4 Rb6 34. Re2 Rc6 35. R2e3 1/2-1/2

[Event "IND-ch U14"]
[Site "Ahmedabad"]
[Date "2022.05.10"]
[Round "3"]
[White "Sahib, Singh"]
[Black "Sushanth, Kamabathula"]
[Result "1-0"]
[WhiteElo "1991"]
[BlackElo "1536"]
[PlyCount "95"]
[EventDate "2022.05.09"]
[EventType "swiss"]
[EventRounds "11"]
[EventCountry "IND"]
[SourceTitle "CBM 208 Extra"]
[Source "ChessBase"]
[SourceDate "2022.07.31"]
[SourceVersion "1"]
[SourceVersionDate "2022.07.31"]
[SourceQuality "1"]

1. e4 c5 2. Nc3 d6 3. f4 Nc6 4. Nf3 g6 5. g3 Bg7 6. Bg2 e6 7. 0-0 Nge7 8. d3 0-0 9. Be3 Rb8 10. Qd2 b5 11. d4 cxd4 12. Nxd4 a6 13. Rad1 Na5 14. b3 Bb7 15. a4 Bc6 16. axb5 axb5 17. f5 exf5 18. exf5 Nxf5 19. Nxf5 gxf5 20. Nd5 Bxd5 21. Bxd5 Rc8 22. Rxf5 Nc6 23. Rdf1 Ne5 24. Bd4 Qe7 25. c4 bxc4 26. bxc4 Rce8 27. c5 Qa7 28. Kh1 dxc5 29. Bxe5 Rxe5 30. Rxf7 Rxf7 31. Bxf7+ Qxf7 32. Rxf7 Kxf7 33. Qd7+ Kf8 34. Kg2 Kg8 35. Kf3 Kf8 36. g4 Kg8 37. h4 h6 38. Kf4 Kf8 39. g5 hxg5+ 40. hxg5 Re7 41. Qc8+ Re8 42. Qxc5+ Kg8 43. Qc4+ Kh7 44. Kg4 Rf8 45. Kh5 Re8 46. Qd3+ Kg8 47. Qd7 Rf8 48. Kg6 1-0

[Event "Mumbai Wealth op U13 4th"]
[Site "Mumbai"]
[Date "2019.01.02"]
[Round "4"]
[White "Sushanth, Kamabathula"]
[Black "Shrey, Nilkant"]
[Result "1-0"]
[WhiteElo "1267"]
[BlackElo "1466"]
[PlyCount "83"]
[EventDate "2018.12.30"]
[EventType "swiss"]
[EventRounds "9"]
[EventCountry "IND"]
[SourceTitle "CBM 188 Extra"]
[Source "ChessBase"]
[SourceDate "2019.02.26"]
[SourceVersion "1"]
[SourceVersionDate "2019.02.26"]
[SourceQuality "1"]

1. e4 e5 2. Nf3 Nc6 3. Bc4 Nf6 4. d3 Be7 5. 0-0 0-0 6. c3 d6 7. a4 Na5 8. Ba2 c5 9. Na3 Nc6 10. Re1 Re8 11. Nc2 h6 12. Ne3 Bf8 13. Bd2 Be6 14. Nd5 Bxd5 15. Bxd5 Nxd5 16. exd5 Ne7 17. c4 g5 18. h3 f5 19. Nh2 Ng6 20. g3 Bg7 21. Qc2 Qd7 22. Bc3 Qf7 23. Rab1 f4 24. b4 Qf5 25. g4 Qf7 26. Nf3 h5 27. Nxg5 Qf6 28. Nf3 Nh4 29. Qe2 Kf7 30. bxc5 Nxf3+ 31. Qxf3 hxg4 32. Rxb7+ Re7 33. Rxe7+ Qxe7 34. hxg4 dxc5 35. d6 Qe8 36. Qd5+ Kg6 37. Bxe5 Qc8 38. Qe4+ Kf7 39. Qxf4+ Kg8 40. Bxg7 Kxg7 41. Re7+ Kh8 42. Qf6+ 1-0